=LDR 00000nam 2200000 4500 =001 INLIS000000000027866 =005 20130612130217 =008 ***********************************Ind** =035 ##$$0010-061300000027866 =041 ##$$a Ind =082 ##$$a F Rom D =090 ##$$a F Rom D, Elm k =100 ##$$a El Muannatsy, Ali sobirin =245 ##$$a Kalau cinta dari Tuhan, Ali Sobirin El muannatsy =260 ##$$a 2007 $b Jakarta =300 ##$$a xiv,402 hlm, ilus, 21 cm =650 ##$$a Fiksi-Agama =850 ##$$a NBPNMAT